000 00794nam a2200193Ia 4500
008 151121s9999||||xx |||||||||||||| ||und||
082 _a781/भातखं
082 _bHNW-58479
100 _aभातखंडे विष्णुनारायण
245 _aभातखंडे-संगीतशास्त्र
260 _b"संगीत कार्यालय, हाथरस,उत्तरप्रदेश"
260 _c--
300 _a395
600 _aभातखंडे विष्णुनारायण
630 _aभातखंडे-संगीतशास्त्र
700 _aभातखंडे विष्णुनारायण
730 _aभातखंडे-संगीतशास्त्र
942 _cBOOK
999 _c1240303
_d1240300